El derecho de sobreedificación y subedificación

Guardado en:
Detalles Bibliográficos
Autor principal: Pérez de Ontiveros Baquero, Carmen (Autor)
Formato: Libro
Lenguaje:español
Publicado: Madrid Colegio de Registradores de la Propiedad, Mercantiles y Bienes Muebles de España 2003
Edición:1a. ed
Materias:
Etiquetas: Agregar Etiqueta
Sin Etiquetas, Sea el primero en etiquetar este registro!

MARC

LEADER 00000cam a2200000 a 4500
001 UCE2612
003 CL-VaPUC
008 140717e20030000sp |||||||||||||||||spa|d
020 |a 8495240866 
082 0 4 |a 343.4602  |b PER  |2 21 
100 0 |a Pérez de Ontiveros Baquero, Carmen  |e author  |9 575113 
245 1 3 |a El derecho de sobreedificación y subedificación 
250 |a 1a. ed 
300 |a 580 p 
942 |c BK 
945 |d 20140717 11:12:00  |a dcastane 
260 |a Madrid  |b Colegio de Registradores de la Propiedad, Mercantiles y Bienes Muebles de España  |c 2003 
650 0 |a Planificación urbana   |9 258176 
650 0 |a Derecho y legislación   |9 255077 
650 0 |a Construcción  |9 260195 
583 |a last modification  |c 20160929 09:31:59  |k Rodrigo Vera 
999 |c 356193  |d 356191 
952 |0 0  |1 0  |3 erb  |4 0  |6 343_460200000000000_PER_2003  |7 0  |8 A  |9 463372  |a BIBDER  |b BIBDER  |i 5089832  |l 1  |o 343.4602 PER 2003  |p 5089832  |r 2025-04-24  |s 2025-04-24  |w 2019-11-23  |y BK  |z Catalogado en:20140717  |k DER